| 000 | 00512nam a2200169 4500 | ||
|---|---|---|---|
| 001 | 108766 | ||
| 003 | ES-MaACL | ||
| 005 | 20230906184715.0 | ||
| 007 | t| | ||
| 008 | 061121s1946 sp r ||||1| spa d | ||
| 100 | 1 |
_aMontalvo Ruiz, Luis. _982355 |
|
| 245 | 1 | 0 |
_aCardiopatías y embarazo / _cpor el doctor Luis Montalvo Ruiz. |
| 250 | _a1ª. ed. | ||
| 260 |
_aMadrid : _bSoc. Anónima Española de Traductores y Autores, _c1946. |
||
| 300 |
_a118 p. : _bil. ; _c22 cm. |
||
| 852 |
_aES-MaACL _jD-6952 _bR.27399 |
||
| 999 |
_c108766 _d108766 |
||